Adverse possession (Record no. 65651)
[ view plain ]
| 000 -LEADER | |
|---|---|
| fixed length control field | 01573cam a2200193 4500 |
| 001 - CONTROL NUMBER | |
| control field | X110071 |
| 008 - FIXED-LENGTH DATA ELEMENTS--GENERAL INFORMATION | |
| fixed length control field | 000000n2000 000 0 eng u |
| 035 ## - SYSTEM CONTROL NUMBER | |
| System control number | (Sirsi) u110071 |
| 245 ## - TITLE STATEMENT | |
| Title | Adverse possession |
| 260 ## - PUBLICATION, DISTRIBUTION, ETC. | |
| Date of publication, distribution, etc. | 2000 |
| 490 ## - SERIES STATEMENT | |
| Series statement | Estates Gazette Case Summaries |
| Volume/sequential designation | [2000] EGCS 147 (16/12/00) |
| 520 ## - SUMMARY, ETC. | |
| Summary, etc. | CA 1 December 2000. "Bigden and others v Lambeth LBC". In 1979 the claimant Council (A) acquired 60 flats divided into eight self-contained blocks. From 1983 onwards blocks 1-4 were occupied by a series of squatters. A could not enter the blocks without the consent of an occupier. In 1987 the occupiers (B) formed a Co-operative (OHC) with the objective of obtaining a licence from A so that OHC could control the building. Negotiations between OHC and A ceased in 1993, and no licence was ever granted. In November 1997 A issued proceedings for possession of the blocks. B, relying upon the Limitation Act 1980, resisted the claim on the ground that they or their predecessors had been in adverse possession for over 12 years. A countered that within that period their title had been acknowledged in writing by or on behalf of B. The CC judge allowed A's claim for possession of all but four flats, but rejected their submissions on the acknowledgement issue. B appealed and A cross-appealed. The appeal was dismissed and the cross-appeal allowed. |
| 650 ## - SUBJECT ADDED ENTRY--TOPICAL TERM | |
| Topical term or geographic name entry element | ADVERSE POSSESSION |
| 650 ## - SUBJECT ADDED ENTRY--TOPICAL TERM | |
| Topical term or geographic name entry element | ACKNOWLEDGEMENT OF TITLE |
| 650 ## - SUBJECT ADDED ENTRY--TOPICAL TERM | |
| Topical term or geographic name entry element | LIMITATION ACT 1980 |
| 650 ## - SUBJECT ADDED ENTRY--TOPICAL TERM | |
| Topical term or geographic name entry element | BIGDEN AND OTHERS V LAMBETH LBC |
| 690 ## - LOCAL SUBJECT ADDED ENTRY--TOPICAL TERM (OCLC, RLIN) | |
| Topical term or geographic name as entry element | PROPERTY |
| 942 ## - ADDED ENTRY ELEMENTS (KOHA) | |
| Suppress in OPAC | 0 |
| Withdrawn status | Lost status | Source of classification or shelving scheme | Damaged status | Not for loan | Home library | Current library | Shelving location | Date acquired | Total Checkouts | Full call number | Barcode | Date last seen | Copy number | Price effective from | Koha item type |
|---|---|---|---|---|---|---|---|---|---|---|---|---|---|---|---|
| Dewey Decimal Classification | London | London | News article | 03/01/2001 | X110071 | 110071-1001 | 06/08/2019 | 1 | 06/08/2019 | Law report |